Horse knowledge - Statistics

General Stats
  • This quiz has been taken 8 times
  • The average score is 6 of 15
Answer Stats
Hint Answer % Correct
What is a female horse called? Mare
100%
What is a baby horse called? Foal
86%
The offspring of a male donkeyAnd a female horse? Mule
86%
How to tell how old a horse is by their___ Teeth
86%
Thing that keeps the saddle fromcoming off? Girth
43%
What is riding without a bit called? Bitless
29%
What is the horse brush called that you brush in circler movement's? Curry
29%
What is a horse person called? Equestrian
29%
What is the hair that is between a horses ears? Forelock
29%
What is the triangle shaped thing on the inside of a horses hoof? Frog
29%
What is the most common thing that killshorses? Colic
14%
What is the top of tail called? Dock
14%
Thing that goes across a horses chestso the saddle doesn’t slip back? Breast collar
0%
Thing that the stirrup is attached tothe attaches to the saddle? Fender
0%
Thing that sticks out of the pommel/swellon a western saddle? Horn
0%
No matching quizzes found
Score Distribution
Percent of People with Each Score
Percentile by Number Answered
Your Score History
You have not taken this quiz